| 000 | 01017nam a2200277Ia 4500 | ||
|---|---|---|---|
| 003 | OSt | ||
| 005 | 20221005104615.0 | ||
| 006 | a|||||r|||| 00| 0 | ||
| 007 | ta | ||
| 008 | 221004b |||||||| |||| 00| 0 mar d | ||
| 020 |
_a8171198279 _c150 |
||
| 024 | _a83374 | ||
| 037 |
_b8030, 30/03/2005, Hindi Book Centre _cTextual |
||
| 040 |
_aCRL _cCRL _bmar |
||
| 041 |
_2mar _amar |
||
| 082 | _aO155,3N56,NA, 152P3 | ||
| 100 | _aलिंबाले, शरणकुमार | ||
| 245 | 0 | _aनरवानर | |
| 246 | _aNaravānara | ||
| 260 |
_aदिल्ली _bराधाकृष्ण भारत _c2003 |
||
| 300 |
_a172पृ0 _ccm. |
||
| 650 | _aमराठी साहित्य | ||
| 700 | _a ठकार, निशिकांत, अनु. | ||
| 942 |
_hO155,3N56,NA, 152P3 _cTEXL _2cc |
||
| 999 |
_c1013231 _d1013231 |
||